00447 2200157 4500001002100000005001500021035002000036245010600056100003100162250000600193300001200199260004400211082000800255084001400263990001200277INLIS00000000000248520250604111240 a0010-06250000711 aBuku Latihan Teknik Digital Video Editing Dengan Adobe Premier. 6.5 /cIr. Bayu Adjie; M. Nurimansyah0 aBayu Adjie; M. Nurimansyah a1 a252 hlm aJakarta :bElek Media Komputindo,c2003 a600 a600 BAY b a0712305